1339 1777 1322 1839 1422 1358 1740 1476 1968 1589 1765 1399 1056 1626 1604 1510 1631 1369 1166 1222 1558 1237 1335 1009 1973 1328 1718 1464 1009 1086 1793 1556 1884 1378 1132 1639 1180 1988 1590 1819 1597 1299 1874 1088 1852 1496 1771 1069 1978 1704 1046 1801 1218 1743 1786 1370 1708 1697 1432 1465 1960 1930 1013 1384 1446 1100 1430 1720 1689 1456 1023 1857 1496 1313 1337 1213 1739 1027 1141 1743 1499 1079 1743 1576 1261 1906 1859 1015 1314 1283 1107 1949 1639 1598 1387 1367 1182 1814 1245 BCNSPRNW ULIB Ver.6.0+V

เปลี่ยนเป็นภาษาไทย

Change to English
 แสดงรายละเอียดบรรณานุกรม
  กลับหน้าหลัก

Brief Record : Get Marc (ISO 2709) : E-mail record : QR code < ปิดหน้าต่าง
LEADER : 00000nam 2200000uu 4500
001    13399114440
003     ULIB
008    110627s||||||||th 000 0 tha d
020    9789747503142
090    นว.^bดบ911ก
100 0  ซอย ยูริ
245 00 กรุ่นกลิ่นไปรักดอกไม้แดง 1/^cซอย ยูริ
250    พิมพ์ครั้งที่ 2
260    กรุงเทพฯ :^bแจ่มใส,^c2550
300    223 หน้า
710 1  แจ่มใส
945    ^p159^l0^i021044
995    ทศพร
999 ^a ใช้งานได้ทุกระบบ
รายการนี้ยังไม่มีแท็ก
คุณยังไม่ได้ล็อกอิน คุณสามารถมีกิจกรรมร่วมกับเว็บไซต์ได้ แต่ต้องล็อกอินก่อน ::
  ล็อกอิน

รายการสื่อสารสนเทศ

ลำดับที่ ประเภท เลขเรียก/บาร์โค้ด สถานที่ สถานะ
1. นวนิยาย
นวนิยาย
นว. ดบ911ก  
  Barcode: 021044
ห้องสมุดวิทยาเขตสวรรค์ประชารักษ์
►นวนิยาย
บนชั้น
  ขอยืม

รายการใกล้เคียง
    ผู้แต่ง [ซอย ยูริ]

BibComment


ยังไม่เคยถูกคอมเมนท์

คอมเมนท์ทรัพยากรรายการนี้
  คอมเมนท์: กรุ่นกลิ่นไปรักดอ..


 Copyright 2026. Bcnsprnw @Library